[Event "World Youth & Cadets Rapid Championships"]
[Site "Rhodes, Greece"]
[Date "2022.05.01"]
[Round "8.27"]
[White "Pathak, Raghav"]
[Black "Ashwath, Kaushik"]
[Result "0-1"]
[TimeControl "10'/game & 5\"/move"]
[WhiteElo "1415"]
[BlackElo "1283"]

1. e4 {[%clk 00:10:09]} {[%emt 00:24:49]} c5 {[%clk 00:10:07]} {[%emt
00:00:03]} 2. Nc3 {[%clk 00:10:12]} {[%emt 00:00:02]} d6 {[%emt 00:00:10]} 3.
f4 {[%clk 00:10:15]} Nf6 {[%clk 00:09:58]} {[%emt 00:00:11]} 4. Nf3 {[%clk
00:10:19]} {[%emt 00:00:01]} a6 {[%clk 00:09:58]} {[%emt 00:00:06]} 5. a4
{[%clk 00:10:11]} {[%emt 00:00:12]} Bg4 {[%clk 00:09:52]} {[%emt 00:00:12]} 6.
Bc4 {[%clk 00:10:12]} {[%emt 00:00:03]} e6 {[%clk 00:09:47]} {[%emt 00:00:09]}
7. O-O {[%clk 00:10:13]} {[%emt 00:00:05]} d5 {[%clk 00:09:36]} {[%emt
00:00:17]} 8. exd5 {[%clk 00:09:51]} {[%emt 00:00:25]} exd5 {[%clk 00:09:34]}
{[%emt 00:00:08]} 9. Be2 {[%clk 00:09:46]} {[%emt 00:00:10]} Bd6 {[%clk
00:09:23]} {[%emt 00:00:14]} 10. d3 {[%clk 00:09:42]} {[%emt 00:00:11]} O-O
{[%clk 00:08:58]} {[%emt 00:00:29]} 11. h3 {[%clk 00:09:45]} {[%emt 00:00:03]}
Bxf3 {[%clk 00:08:35]} {[%emt 00:00:29]} 12. Bxf3 {[%clk 00:09:48]} {[%emt
00:00:01]} Bc7 {[%clk 00:08:32]} {[%emt 00:00:08]} 13. f5 {[%clk 00:09:21]}
{[%emt 00:00:31]} Qd6 {[%clk 00:08:26]} {[%emt 00:00:10]} 14. Ne2 {[%clk
00:09:05]} {[%emt 00:00:24]} Qb6 {[%clk 00:06:21]} {[%emt 00:02:09]} 15. Kh1
{[%clk 00:08:50]} {[%emt 00:00:20]} Nc6 {[%clk 00:06:02]} {[%emt 00:00:22]} 16.
c3 {[%clk 00:08:09]} {[%emt 00:00:48]} Ne7 {[%clk 00:05:05]} {[%emt 00:01:00]}
17. a5 {[%clk 00:08:00]} {[%emt 00:00:16]} Qb5 {[%clk 00:03:42]} {[%emt
00:01:25]} 18. c4 {[%clk 00:04:20]} {[%emt 00:03:48]} Qd7 {[%clk 00:02:57]}
{[%emt 00:00:50]} 19. Bg5 {[%clk 00:03:16]} {[%emt 00:01:09]} Qd6 {[%clk
00:01:43]} {[%emt 00:01:18]} 20. Bf4 {[%clk 00:03:11]} {[%emt 00:00:11]} Qc6
{[%clk 00:01:30]} {[%emt 00:00:16]} 21. Bxc7 {[%clk 00:02:53]} {[%emt
00:00:24]} Qxc7 {[%clk 00:01:31]} {[%emt 00:00:06]} 22. cxd5 {[%clk 00:02:53]}
{[%emt 00:00:04]} Nfxd5 {[%clk 00:01:28]} {[%emt 00:00:08]} 23. Qd2 {[%clk
00:02:44]} {[%emt 00:00:14]} Rfe8 {[%clk 00:00:28]} {[%emt 00:01:01]} 24. Nc3
{[%clk 00:02:47]} {[%emt 00:00:06]} Nf6 {[%clk 00:00:19]} {[%emt 00:00:14]} 25.
Ne4 {[%clk 00:02:49]} {[%emt 00:00:03]} Nxe4 {[%clk 00:00:19]} {[%emt
00:00:05]} 26. dxe4 {[%clk 00:02:48]} {[%emt 00:00:05]} Rad8 {[%clk 00:00:22]}
{[%emt 00:00:04]} 27. Qg5 {[%clk 00:02:51]} {[%emt 00:00:01]} h6 {[%clk
00:00:21]} {[%emt 00:00:06]} 28. Qg4 {[%clk 00:02:43]} {[%emt 00:00:11]} Qe5
{[%clk 00:00:21]} {[%emt 00:00:06]} 29. Be2 {[%clk 00:02:34]} {[%emt 00:00:16]}
f6 {[%clk 00:00:16]} {[%emt 00:00:10]} 30. Bc4+ {[%clk 00:02:36]} {[%emt
00:00:02]} Kh8 {[%clk 00:00:15]} {[%emt 00:00:06]} 31. Rad1 {[%clk 00:02:30]}
{[%emt 00:00:10]} Rxd1 {[%clk 00:00:15]} {[%emt 00:00:06]} 32. Rxd1 {[%clk
00:02:34]} Qxb2 {[%clk 00:00:09]} {[%emt 00:00:12]} 33. Bf7 {[%clk 00:02:30]}
{[%emt 00:00:07]} Rf8 {[%clk 00:00:11]} {[%emt 00:00:04]} 34. Be6 {[%clk
00:02:24]} {[%emt 00:00:10]} Qe5 {[%clk 00:00:13]} {[%emt 00:00:03]} 35. Rd7
{[%clk 00:02:24]} {[%emt 00:00:06]} Re8 {[%clk 00:00:09]} {[%emt 00:00:10]} 36.
Qd1 {[%clk 00:02:21]} {[%emt 00:00:06]} Nc6 {[%clk 00:00:11]} {[%emt 00:00:05]}
37. Rxb7 {[%clk 00:02:10]} {[%emt 00:00:14]} Qxe4 {[%clk 00:00:14]} {[%emt
00:00:03]} 38. Qg4 {[%clk 00:01:54]} {[%emt 00:00:20]} Qxg4 {[%clk 00:00:16]}
{[%emt 00:00:05]} 39. hxg4 {[%clk 00:01:58]} Nxa5 {[%clk 00:00:18]} {[%emt
00:00:04]} 40. Ra7 {[%clk 00:02:00]} {[%emt 00:00:03]} Nc6 {[%clk 00:00:13]}
{[%emt 00:00:10]} 41. Rxa6 {[%clk 00:02:03]} {[%emt 00:00:01]} Nd4 {[%emt
00:00:03]} 42. Kg1 {[%clk 00:02:02]} {[%emt 00:00:05]} Nxe6 {[%clk 00:00:17]}
{[%emt 00:00:04]} 43. Rxe6 {[%clk 00:02:02]} {[%emt 00:00:05]} Rxe6 {[%clk
00:00:21]} {[%emt 00:00:01]} 44. fxe6 {[%clk 00:02:07]} Kg8 {[%clk 00:00:25]}
{[%emt 00:00:02]} 45. Kf2 {[%clk 00:02:11]} Kf8 {[%clk 00:00:29]} {[%emt
00:00:01]} 46. Ke3 {[%clk 00:02:16]} Ke7 {[%clk 00:00:33]} 47. Kd3 {[%clk
00:02:20]} Kxe6 {[%clk 00:00:36]} {[%emt 00:00:02]} 48. Kc4 {[%clk 00:02:23]}
{[%emt 00:00:01]} Ke5 {[%clk 00:00:35]} {[%emt 00:00:06]} 49. Kxc5 {[%clk
00:02:26]} {[%emt 00:00:02]} Kf4 {[%clk 00:00:37]} {[%emt 00:00:03]} 50. Kd6
{[%clk 00:02:30]} {[%emt 00:00:01]} Kxg4 {[%clk 00:00:40]} {[%emt 00:00:02]} 51.
Ke7 {[%clk 00:02:35]} Kg3 {[%clk 00:00:40]} {[%emt 00:00:06]} 52. Kf7 {[%clk
00:02:39]} {[%emt 00:00:01]} Kxg2 {[%clk 00:00:41]} {[%emt 00:00:03]} 53. Kxg7
{[%clk 00:02:43]} f5 {[%clk 00:00:44]} {[%emt 00:00:03]} 54. Kxh6 {[%clk
00:02:47]} {[%emt 00:00:01]} f4 {[%clk 00:00:49]} 55. Kg5 {[%clk 00:02:50]}
{[%emt 00:00:02]} f3 {[%clk 00:00:53]} {[%emt 00:00:01]} 56. Kg6 {[%clk
00:02:46]} {[%emt 00:00:09]} f2 {[%clk 00:00:57]} {[%emt 00:00:01]} 57. Kf5
{[%clk 00:02:51]} f1=Q+ {[%emt 00:00:02]} 58. Ke5 {[%clk 00:02:55]} Qf3 {[%clk
00:01:03]} {[%emt 00:00:02]} 59. Kd4 {[%clk 00:02:59]} {[%emt 00:00:01]} Qe2
{[%clk 00:01:07]} {[%emt 00:00:01]} 60. Kd5 {[%clk 00:03:02]} {[%emt 00:00:01]}
Qe3 {[%emt 00:00:07]} 61. Kd6 {[%clk 00:03:02]} Qe4 {[%clk 00:01:15]} {[%emt
00:00:02]} 62. Kc5 {[%clk 00:03:06]} Qd3 {[%emt 00:00:03]} 63. Kc6 {[%clk
00:03:09]} {[%emt 00:00:01]} Qd4 {[%clk 00:01:22]} 64. Kb5 {[%clk 00:03:08]}
{[%emt 00:00:06]} Qc3 {[%clk 00:01:25]} {[%emt 00:00:01]} 65. Kb6 {[%clk
00:03:12]} Qc4 {[%clk 00:01:29]} {[%emt 00:00:01]} 66. Ka5 {[%clk 00:03:16]}
Qb3 {[%clk 00:01:33]} {[%emt 00:00:01]} 67. Ka6 {[%clk 00:03:21]} Qb4 {[%clk
00:01:36]} {[%emt 00:00:02]} 68. Ka7 {[%clk 00:03:25]} Qb5 {[%clk 00:01:39]}
{[%emt 00:00:01]} 69. Ka8 {[%clk 00:03:25]} {[%emt 00:00:05]} Kf3 {[%clk
00:01:42]} {[%emt 00:00:02]} 70. Ka7 {[%clk 00:03:29]} {[%emt 00:00:01]} Ke4
{[%clk 00:01:46]} {[%emt 00:00:01]} 71. Ka8 {[%clk 00:03:33]} 0-1

[Event "World Youth & Cadets Rapid Championships"]
[Site "Rhodes, Greece"]
[Date "2022.05.01"]
[Round "8.28"]
[White "Jakhria, Kushal"]
[Black "Modith, Aaroh Mutyalapati"]
[Result "0-1"]
[TimeControl "10'/game & 5\"/move"]
[WhiteElo "1367"]
[BlackElo "1598"]

1. d4 {[%clk 00:10:06]} {[%emt 00:00:02]} d5 {[%clk 00:10:09]} {[%emt
00:00:03]} 2. c4 {[%clk 00:10:10]} c6 {[%clk 00:10:13]} {[%emt 00:00:01]} 3.
Nc3 {[%clk 00:10:13]} {[%emt 00:00:02]} Nf6 {[%clk 00:10:17]} {[%emt 00:00:02]}
4. Nf3 {[%clk 00:10:16]} dxc4 {[%clk 00:10:20]} {[%emt 00:00:02]} 5. a4 {[%clk
00:10:19]} {[%emt 00:00:02]} Bf5 {[%clk 00:10:25]} {[%emt 00:00:02]} 6. e3
{[%clk 00:10:20]} {[%emt 00:00:03]} e6 {[%clk 00:10:28]} {[%emt 00:00:01]} 7.
Bxc4 {[%clk 00:10:21]} {[%emt 00:00:03]} Nbd7 {[%clk 00:10:32]} {[%emt
00:00:03]} 8. O-O {[%clk 00:10:22]} {[%emt 00:00:03]} Be7 {[%clk 00:10:35]}
{[%emt 00:00:02]} 9. Re1 {[%clk 00:10:24]} {[%emt 00:00:03]} Nb6 {[%clk
00:10:18]} {[%emt 00:00:22]} 10. Bb3 {[%clk 00:10:21]} {[%emt 00:00:08]} Nbd5
{[%clk 00:10:09]} {[%emt 00:00:14]} 11. Nxd5 {[%clk 00:10:23]} {[%emt
00:00:03]} exd5 {[%clk 00:10:12]} {[%emt 00:00:02]} 12. Ne5 {[%clk 00:10:02]}
{[%emt 00:00:26]} O-O {[%clk 00:10:12]} {[%emt 00:00:06]} 13. Bd2 {[%clk
00:09:45]} {[%emt 00:00:21]} Bd6 {[%clk 00:10:16]} {[%emt 00:00:02]} 14. f4
{[%clk 00:09:06]} {[%emt 00:00:43]} Be4 {[%clk 00:10:02]} {[%emt 00:00:19]} 15.
Rc1 {[%clk 00:08:55]} {[%emt 00:00:15]} Nd7 {[%clk 00:09:31]} {[%emt 00:00:37]}
16. Bc3 {[%clk 00:08:30]} {[%emt 00:00:30]} Bxe5 {[%clk 00:09:17]} {[%emt
00:00:19]} 17. dxe5 {[%clk 00:08:31]} {[%emt 00:00:04]} Nc5 {[%clk 00:09:20]}
{[%emt 00:00:03]} 18. Bc2 {[%clk 00:08:19]} {[%emt 00:00:17]} Bxc2 {[%clk
00:09:00]} {[%emt 00:00:25]} 19. Qxc2 {[%clk 00:08:19]} {[%emt 00:00:04]} Ne4
{[%clk 00:09:04]} {[%emt 00:00:02]} 20. Red1 {[%clk 00:08:02]} {[%emt
00:00:22]} Rc8 {[%clk 00:08:25]} {[%emt 00:00:44]} 21. Be1 {[%clk 00:07:47]}
{[%emt 00:00:20]} Qb6 {[%clk 00:08:24]} {[%emt 00:00:06]} 22. Rd3 {[%clk
00:07:22]} {[%emt 00:00:28]} Rcd8 {[%clk 00:07:24]} {[%emt 00:01:07]} 23. Rb3
{[%clk 00:06:44]} {[%emt 00:00:42]} Qc7 {[%clk 00:07:28]} {[%emt 00:00:02]} 24.
a5 {[%clk 00:05:48]} {[%emt 00:01:01]} c5 {[%clk 00:07:21]} {[%emt 00:00:12]}
25. Rd3 {[%clk 00:04:21]} {[%emt 00:01:30]} c4 {[%clk 00:07:10]} {[%emt
00:00:18]} 26. Rd4 {[%clk 00:04:11]} {[%emt 00:00:15]} Nc5 {[%clk 00:07:13]}
{[%emt 00:00:03]} 27. Bb4 {[%clk 00:03:45]} {[%emt 00:00:29]} Rfe8 {[%clk
00:07:02]} {[%emt 00:00:16]} 28. b3 {[%clk 00:02:35]} {[%emt 00:01:13]} Ne6
{[%clk 00:06:23]} {[%emt 00:00:47]} 29. Rdd1 {[%clk 00:02:29]} {[%emt
00:00:09]} b5 {[%clk 00:06:18]} {[%emt 00:00:11]} 30. axb6 {[%clk 00:02:22]}
{[%emt 00:00:11]} Qxb6 {[%clk 00:06:21]} {[%emt 00:00:03]} 31. Qc3 {[%clk
00:02:12]} {[%emt 00:00:15]} d4 {[%clk 00:06:13]} {[%emt 00:00:14]} 32. Qxc4
{[%clk 00:01:50]} {[%emt 00:00:27]} dxe3 {[%clk 00:06:14]} {[%emt 00:00:03]} 33.
Rxd8 {[%clk 00:01:23]} {[%emt 00:00:33]} Rxd8 {[%clk 00:06:17]} {[%emt
00:00:02]} 34. Kf1 {[%clk 00:01:09]} {[%emt 00:00:18]} a5 {[%clk 00:04:48]}
{[%emt 00:01:35]} 35. Bd6 {[%clk 00:00:54]} {[%emt 00:00:19]} e2+ {[%clk
00:02:56]} {[%emt 00:01:57]} 36. Kxe2 {[%clk 00:00:00]} {[%emt 00:01:02]} Nd4+
{[%clk 00:10:05]} {[%emt 00:00:28]} 0-1

[Event "World Youth & Cadets Rapid Championships"]
[Site "Rhodes, Greece"]
[Date "2022.05.01"]
[Round "8.29"]
[White "Popov, Aleksandr And"]
[Black "Safin, Safarullakhan"]
[Result "0-1"]
[TimeControl "10'/game & 5\"/move"]
[WhiteElo "1244"]
[BlackElo "1355"]

1. e4 {[%clk 00:10:08]} {[%emt 00:00:02]} e6 {[%clk 00:10:09]} {[%emt
00:00:02]} 2. d4 {[%clk 00:10:12]} {[%emt 00:00:01]} d5 {[%clk 00:10:10]}
{[%emt 00:00:04]} 3. exd5 {[%clk 00:10:13]} {[%emt 00:00:02]} exd5 {[%clk
00:10:11]} {[%emt 00:00:05]} 4. Bd3 {[%clk 00:10:17]} {[%emt 00:00:02]} Nc6
{[%clk 00:10:02]} {[%emt 00:00:14]} 5. c3 {[%clk 00:10:20]} {[%emt 00:00:02]}
Bd6 {[%clk 00:09:57]} {[%emt 00:00:09]} 6. Nf3 {[%clk 00:10:22]} {[%emt
00:00:02]} Bg4 {[%clk 00:09:53]} {[%emt 00:00:10]} 7. O-O {[%clk 00:10:11]}
{[%emt 00:00:16]} Nge7 {[%clk 00:09:48]} {[%emt 00:00:10]} 8. Bg5 {[%emt
00:00:12]} f6 {[%clk 00:09:46]} {[%emt 00:00:06]} 9. Bh4 {[%clk 00:10:06]}
{[%emt 00:00:04]} Qd7 {[%clk 00:09:38]} {[%emt 00:00:13]} 10. Nbd2 {[%clk
00:10:05]} {[%emt 00:00:06]} O-O-O {[%clk 00:09:25]} {[%emt 00:00:18]} 11. b4
{[%clk 00:10:07]} {[%emt 00:00:04]} g5 {[%clk 00:09:26]} {[%emt 00:00:04]} 12.
Bg3 {[%clk 00:10:10]} {[%emt 00:00:01]} h5 {[%clk 00:09:20]} {[%emt 00:00:11]}
13. a4 {[%clk 00:10:13]} {[%emt 00:00:03]} h4 {[%clk 00:09:15]} {[%emt
00:00:09]} 14. Bxd6 {[%clk 00:10:15]} {[%emt 00:00:03]} Qxd6 {[%clk 00:09:13]}
{[%emt 00:00:07]} 15. a5 {[%clk 00:10:10]} {[%emt 00:00:10]} Bh5 {[%clk
00:09:04]} {[%emt 00:00:14]} 16. b5 {[%clk 00:09:46]} {[%emt 00:00:29]} Nb8
{[%clk 00:08:59]} {[%emt 00:00:11]} 17. Qb3 {[%clk 00:09:30]} {[%emt 00:00:21]}
Bxf3 {[%clk 00:08:50]} {[%emt 00:00:14]} 18. Nxf3 {[%clk 00:09:32]} {[%emt
00:00:02]} g4 {[%clk 00:08:51]} {[%emt 00:00:05]} 19. Nd2 {[%clk 00:09:35]}
{[%emt 00:00:01]} f5 {[%clk 00:08:34]} {[%emt 00:00:22]} 20. b6 {[%clk
00:09:38]} {[%emt 00:00:02]} a6 {[%clk 00:08:23]} {[%emt 00:00:17]} 21. bxc7
{[%clk 00:09:36]} {[%emt 00:00:07]} Qxc7 {[%clk 00:08:23]} {[%emt 00:00:03]} 22.
c4 {[%clk 00:09:19]} {[%emt 00:00:23]} Nbc6 {[%clk 00:08:13]} {[%emt 00:00:16]}
23. cxd5 {[%clk 00:09:08]} {[%emt 00:00:15]} Rxd5 {[%clk 00:08:00]} {[%emt
00:00:18]} 24. Nc4 {[%clk 00:07:33]} {[%emt 00:01:40]} Rxd4 {[%clk 00:07:39]}
{[%emt 00:00:25]} 25. Nb6+ {[%clk 00:07:35]} {[%emt 00:00:03]} Kb8 {[%clk
00:07:42]} {[%emt 00:00:03]} 26. Bxa6 {[%clk 00:07:04]} {[%emt 00:00:36]} Rb4
{[%clk 00:07:34]} {[%emt 00:00:13]} 27. Qd3 {[%clk 00:06:47]} {[%emt 00:00:21]}
Rd8 {[%clk 00:07:16]} {[%emt 00:00:24]} 28. Qe2 {[%clk 00:06:48]} {[%emt
00:00:04]} Nd4 {[%clk 00:06:57]} {[%emt 00:00:24]} 29. Qa2 {[%clk 00:06:13]}
{[%emt 00:00:40]} bxa6 {[%clk 00:06:49]} {[%emt 00:00:14]} 30. Rab1 {[%clk
00:06:12]} {[%emt 00:00:06]} Rxb1 {[%emt 00:00:16]} 31. Rxb1 {[%clk 00:06:15]}
{[%emt 00:00:01]} Nb5 {[%clk 00:06:43]} 32. Qe2 {[%clk 00:04:35]} {[%emt
00:01:44]} Nd5 {[%clk 00:06:11]} {[%emt 00:00:37]} 33. Na4 {[%clk 00:04:17]}
{[%emt 00:00:23]} Rc8 {[%clk 00:05:57]} {[%emt 00:00:19]} 34. h3 {[%clk
00:03:44]} {[%emt 00:00:38]} g3 {[%clk 00:05:52]} {[%emt 00:00:09]} 35. Qf3
{[%clk 00:02:33]} {[%emt 00:01:17]} Qc1+ {[%clk 00:05:34]} {[%emt 00:00:23]} 36.
Qd1 {[%clk 00:02:04]} {[%emt 00:00:34]} gxf2+ {[%clk 00:05:21]} {[%emt
00:00:18]} 37. Kxf2 {[%clk 00:01:59]} {[%emt 00:00:04]} Rc2+ {[%clk 00:04:59]}
{[%emt 00:00:33]} 38. Kg1 {[%clk 00:01:52]} {[%emt 00:00:13]} Qxd1+ {[%clk
00:04:48]} {[%emt 00:00:15]} 39. Rxd1 {[%clk 00:01:55]} {[%emt 00:00:02]} Ne3
{[%clk 00:04:33]} {[%emt 00:00:21]} 40. Rd8+ {[%clk 00:01:47]} {[%emt
00:00:13]} Kc7 {[%clk 00:04:35]} {[%emt 00:00:03]} 41. Rg8 {[%clk 00:01:49]}
{[%emt 00:00:02]} Rc1+ {[%clk 00:04:05]} {[%emt 00:00:36]} 42. Kf2 {[%clk
00:01:52]} {[%emt 00:00:02]} Nd1+ {[%clk 00:04:05]} {[%emt 00:00:05]} 43. Ke2
{[%clk 00:01:53]} {[%emt 00:00:04]} Ra1 {[%clk 00:03:47]} {[%emt 00:00:23]} 44.
Rg7+ {[%clk 00:01:53]} {[%emt 00:00:04]} Kc6 {[%clk 00:03:45]} {[%emt
00:00:07]} 45. Rg6+ {[%clk 00:01:55]} {[%emt 00:00:03]} Kd7 {[%clk 00:03:46]}
{[%emt 00:00:05]} 46. Nc5+ {[%clk 00:01:48]} {[%emt 00:00:12]} Ke7 {[%clk
00:03:44]} {[%emt 00:00:07]} 47. Rxa6 {[%clk 00:01:49]} {[%emt 00:00:03]} Ndc3+
{[%clk 00:03:39]} {[%emt 00:00:11]} 48. Kd3 {[%clk 00:01:52]} {[%emt 00:00:01]}
Rd1+ {[%clk 00:03:31]} {[%emt 00:00:13]} 49. Kc4 {[%clk 00:01:53]} {[%emt
00:00:05]} Rd4+ {[%clk 00:03:23]} {[%emt 00:00:12]} 50. Kb3 {[%emt 00:00:28]}
Rd5 51. Kc4 {[%clk 00:01:35]} {[%emt 00:00:06]} Rd4+ {[%clk 00:02:31]} {[%emt
00:00:56]} 52. Kb3 {[%clk 00:01:38]} {[%emt 00:00:02]} Ne4 {[%clk 00:02:19]}
{[%emt 00:00:17]} 53. Nxe4 {[%clk 00:01:02]} {[%emt 00:00:40]} fxe4 {[%clk
00:02:18]} {[%emt 00:00:06]} 54. Rb6 {[%clk 00:01:06]} {[%emt 00:00:03]} Nc7
{[%clk 00:02:12]} {[%emt 00:00:11]} 55. a6 {[%clk 00:01:07]} {[%emt 00:00:04]}
e3 {[%clk 00:01:53]} {[%emt 00:00:24]} 56. Rb7 {[%clk 00:00:44]} {[%emt
00:00:28]} e2 {[%clk 00:01:22]} {[%emt 00:00:35]} 57. Rxc7+ {[%clk 00:00:41]}
{[%emt 00:00:08]} Kd6 {[%clk 00:01:26]} {[%emt 00:00:01]} 58. a7 {[%clk
00:00:24]} {[%emt 00:00:23]} e1=Q {[%clk 00:01:11]} {[%emt 00:00:19]} 59. a8=Q
{[%clk 00:00:25]} {[%emt 00:00:05]} Qb4+ {[%clk 00:01:10]} {[%emt 00:00:05]}
0-1

[Event "World Youth & Cadets Rapid Championships"]
[Site "Rhodes, Greece"]
[Date "2022.05.01"]
[Round "8.31"]
[White "Marcinczyk, Monika"]
[Black "Czarnecka, Lidia"]
[Result "1-0"]
[TimeControl "10'/game & 5\"/move"]
[WhiteElo "1794"]
[BlackElo "1917"]

1. e4 {[%clk 00:10:08]} {[%emt 00:00:01]} c5 {[%clk 00:10:10]} 2. Nf3 {[%clk
00:10:11]} {[%emt 00:00:01]} e6 {[%clk 00:10:14]} 3. d4 {[%clk 00:10:15]}
{[%emt 00:00:02]} cxd4 {[%clk 00:10:19]} {[%emt 00:00:01]} 4. Nxd4 {[%clk
00:10:19]} {[%emt 00:00:01]} a6 {[%clk 00:10:23]} {[%emt 00:00:01]} 5. a3
{[%clk 00:10:22]} {[%emt 00:00:02]} Nf6 {[%clk 00:10:22]} {[%emt 00:00:06]} 6.
Nc3 {[%clk 00:10:25]} {[%emt 00:00:02]} Qc7 {[%clk 00:10:25]} {[%emt 00:00:02]}
7. f4 {[%clk 00:10:28]} {[%emt 00:00:01]} d6 {[%clk 00:10:28]} {[%emt
00:00:02]} 8. Be3 {[%clk 00:10:31]} {[%emt 00:00:02]} Nbd7 {[%clk 00:10:29]}
{[%emt 00:00:05]} 9. g4 {[%clk 00:10:32]} {[%emt 00:00:04]} Nc5 {[%clk
00:09:40]} {[%emt 00:00:54]} 10. Qf3 {[%clk 00:10:26]} {[%emt 00:00:10]} e5
{[%clk 00:08:54]} {[%emt 00:00:52]} 11. Nf5 {[%clk 00:08:55]} {[%emt 00:01:36]}
g6 {[%clk 00:08:55]} {[%emt 00:00:04]} 12. Bxc5 {[%clk 00:08:15]} {[%emt
00:00:44]} Qxc5 {[%clk 00:08:17]} {[%emt 00:00:43]} 13. Ne3 {[%clk 00:08:16]}
{[%emt 00:00:04]} exf4 {[%clk 00:04:22]} {[%emt 00:04:00]} 14. Qxf4 {[%clk
00:08:19]} {[%emt 00:00:02]} Qe5 {[%clk 00:04:27]} 15. Qxe5+ {[%clk 00:07:10]}
{[%emt 00:01:14]} dxe5 {[%clk 00:04:31]} 16. g5 {[%clk 00:07:07]} {[%emt
00:00:07]} Bc5 {[%clk 00:04:01]} {[%emt 00:00:36]} 17. Nc4 {[%clk 00:06:58]}
{[%emt 00:00:14]} Nd7 {[%clk 00:03:44]} {[%emt 00:00:22]} 18. Nd5 {[%clk
00:06:29]} {[%emt 00:00:34]} O-O {[%clk 00:03:43]} {[%emt 00:00:06]} 19. b4
{[%clk 00:06:01]} {[%emt 00:00:33]} Ba7 {[%clk 00:03:22]} {[%emt 00:00:26]} 20.
Ne7+ {[%clk 00:05:09]} {[%emt 00:00:56]} Kg7 {[%clk 00:03:09]} {[%emt
00:00:18]} 21. Bh3 {[%clk 00:05:01]} {[%emt 00:00:14]} Re8 {[%clk 00:02:38]}
{[%emt 00:00:36]} 22. Nxc8 {[%clk 00:04:30]} {[%emt 00:00:35]} Rexc8 {[%clk
00:02:42]} 23. Nd6 {[%clk 00:03:54]} {[%emt 00:00:41]} Rc7 {[%clk 00:02:46]}
{[%emt 00:00:02]} 24. c4 {[%clk 00:03:39]} {[%emt 00:00:19]} Be3 {[%clk
00:02:26]} {[%emt 00:00:25]} 25. Rd1 {[%clk 00:03:42]} {[%emt 00:00:03]} Nf8
{[%clk 00:02:18]} {[%emt 00:00:12]} 26. Rd5 {[%clk 00:03:16]} {[%emt 00:00:31]}
Bxg5 {[%clk 00:02:13]} {[%emt 00:00:10]} 27. Rxe5 {[%clk 00:03:20]} Bf4 {[%clk
00:02:10]} {[%emt 00:00:06]} 28. Ne8+ {[%clk 00:03:22]} {[%emt 00:00:05]} Rxe8
{[%clk 00:02:01]} {[%emt 00:00:14]} 29. Rxe8 {[%clk 00:03:26]} {[%emt
00:00:02]} Rxc4 {[%emt 00:00:04]} 30. O-O {[%clk 00:03:28]} {[%emt 00:00:02]}
g5 {[%clk 00:02:05]} {[%emt 00:00:02]} 31. Bc8 {[%clk 00:03:27]} {[%emt
00:00:06]} Rc7 {[%clk 00:01:59]} {[%emt 00:00:11]} 32. Bf5 {[%clk 00:03:16]}
{[%emt 00:00:16]} Ng6 {[%clk 00:01:53]} {[%emt 00:00:11]} 33. Rc8 {[%clk
00:02:20]} {[%emt 00:01:01]} Re7 {[%clk 00:01:49]} {[%emt 00:00:09]} 34. Rd1
{[%clk 00:02:17]} {[%emt 00:00:08]} Nh4 {[%clk 00:01:53]} 35. Rdd8 {[%clk
00:01:25]} {[%emt 00:00:57]} Nxf5 {[%clk 00:01:51]} {[%emt 00:00:07]} 36. exf5
{[%clk 00:01:29]} {[%emt 00:00:01]} Kf6 {[%clk 00:01:50]} {[%emt 00:00:06]} 37.
Re8 {[%clk 00:00:51]} {[%emt 00:00:44]} Rd7 {[%clk 00:01:46]} {[%emt 00:00:09]}
38. Rcd8 {[%clk 00:00:54]} Rc7 {[%clk 00:01:48]} {[%emt 00:00:02]} 39. Rd5
{[%clk 00:00:56]} {[%emt 00:00:04]} h5 {[%clk 00:01:03]} {[%emt 00:00:51]} 40.
Rh8 {[%clk 00:00:52]} {[%emt 00:00:08]} Rc1+ {[%clk 00:01:07]} 41. Kg2 {[%clk
00:00:52]} {[%emt 00:00:05]} Rc2+ {[%clk 00:01:11]} {[%emt 00:00:01]} 42. Kf3
{[%clk 00:00:56]} Rc3+ {[%clk 00:01:06]} {[%emt 00:00:11]} 43. Ke4 {[%clk
00:00:56]} {[%emt 00:00:05]} Re3+ {[%clk 00:01:10]} 44. Kd4 {[%clk 00:01:00]}
{[%emt 00:00:01]} Rxa3 {[%clk 00:01:14]} {[%emt 00:00:01]} 45. Rxh5 {[%clk
00:00:57]} {[%emt 00:00:07]} Be3+ {[%clk 00:01:01]} {[%emt 00:00:18]} 46. Ke4
{[%clk 00:01:00]} {[%emt 00:00:02]} Bf2 {[%clk 00:00:59]} {[%emt 00:00:08]} 47.
Rh6+ {[%clk 00:00:45]} {[%emt 00:00:20]} Kg7 {[%clk 00:01:03]} 48. Rhd6 {[%clk
00:00:43]} {[%emt 00:00:07]} Rb3 {[%clk 00:00:56]} {[%emt 00:00:12]} 49. f6+
{[%clk 00:00:24]} {[%emt 00:00:25]} Kg6 {[%emt 00:00:01]} 50. Rd8 {[%clk
00:00:28]} Rxb4+ {[%clk 00:00:57]} {[%emt 00:00:09]} 51. Ke5 {[%clk 00:00:30]}
{[%emt 00:00:02]} Be3 {[%clk 00:00:21]} {[%emt 00:00:42]} 52. Rg8+ {[%clk
00:00:31]} {[%emt 00:00:04]} Kh6 {[%clk 00:00:22]} {[%emt 00:00:04]} 53. Kd6
{[%clk 00:00:30]} {[%emt 00:00:05]} Rb6+ {[%clk 00:00:25]} {[%emt 00:00:03]} 54.
Ke7 {[%clk 00:00:32]} {[%emt 00:00:03]} Rc6 {[%clk 00:00:15]} {[%emt 00:00:15]}
55. Kxf7 {[%clk 00:00:33]} {[%emt 00:00:03]} Rc7+ {[%clk 00:00:16]} {[%emt
00:00:05]} 56. Ke6 {[%clk 00:00:37]} Kh7 {[%emt 00:00:03]} 57. Re8 {[%clk
00:00:34]} {[%emt 00:00:06]} Rc6+ {[%clk 00:00:23]} {[%emt 00:00:02]} 58. Ke7
{[%clk 00:00:31]} {[%emt 00:00:07]} Bc5+ {[%clk 00:00:19]} {[%emt 00:00:09]} 59.
Rxc5 {[%clk 00:00:35]} {[%emt 00:00:02]} Rxc5 {[%clk 00:00:23]} 60. f7 {[%clk
00:00:37]} {[%emt 00:00:04]} 1-0